A course in language teaching: practice and theory
Gespeichert in:
| 1. Verfasser: | |
|---|---|
| Format: | Buch |
| Sprache: | Englisch |
| Veröffentlicht: |
Cambridge
Cambridge University
1996
|
| Schriftenreihe: | Cambridge Teacher Training and Development
|
| Schlagworte: | |
| Tags: |
Tag hinzufügen
Keine Tags, Fügen Sie den ersten Tag hinzu!
|
MARC
| LEADER | 00000nam a2200000 a 4500 | ||
|---|---|---|---|
| 001 | UCL1986 | ||
| 003 | CL-VaPUC | ||
| 008 | 030926e19960000uk |||||||||||||||||eng|d | ||
| 020 | |a 0521449944 | ||
| 082 | 0 | 4 | |a 428.07 |b URP |2 21 |
| 100 | 0 | |a Ur, Penny |e author |9 479016 | |
| 245 | 1 | 2 | |a A course in language teaching: practice and theory |
| 300 | |a 375 p | ||
| 942 | |c BK | ||
| 945 | |d 20030926 00:00:00 |a cmena | ||
| 260 | |a Cambridge |b Cambridge University |c 1996 | ||
| 650 | 0 | |a Enseñanza del inglés |9 367340 | |
| 650 | 0 | |a Educación lingüística |9 306506 | |
| 650 | 0 | |a Métodos de enseñanza |9 270413 | |
| 583 | |a last modification |c 20130806 04:20:04 |k Rodrigo Vera | ||
| 490 | 0 | |a Cambridge Teacher Training and Development | |
| 999 | |c 305412 |d 305410 | ||
| 952 | |0 0 |1 0 |4 0 |6 428_070000000000000_URP_1996 |7 0 |8 A |9 369277 |a BIBEDU |b BIBEDU |d 2019-11-21 |i 3948013 |o 428.07 URP 1996 |p 3948013 |r 2019-11-21 |w 2019-11-21 |y BK |k LIT | ||
| 952 | |0 0 |1 0 |4 0 |6 428_070000000000000_URP_1996 |7 0 |8 A |9 369278 |a BIBEDU |b BIBEDU |d 2019-11-21 |i 4351088 |o 428.07 URP 1996 |p 4351088 |r 2019-11-21 |w 2019-11-21 |y BK |k LIT | ||
| 952 | |0 0 |1 0 |4 0 |6 428_070000000000000_URP_1996 |7 0 |8 A |9 369279 |a BIBEDU |b BIBEDU |d 2019-11-21 |i 4351096 |o 428.07 URP 1996 |p 4351096 |r 2019-11-21 |w 2019-11-21 |y BK |k LIT | ||